Población de la República de Costa Rica por provincias, cantones y distritos. Estimación al: 1 de abril de 1972

Đã lưu trong:
Chi tiết về thư mục
Tác giả của công ty: Costa Rica. Ministerio de Econbomía, Industria y Comercio. Dirección General de Estadística y Censos
Định dạng: Texto
Được phát hành: San José: MEIC. DGEC. Sección de Publicaciones
Những chủ đề:
Các nhãn: Thêm thẻ
Không có thẻ, Là người đầu tiên thẻ bản ghi này!

MARC

LEADER 00000 a a2200000 04500
001 17492
003
040
090 |a REV1680(28) 1972  
110 |a Costa Rica. Ministerio de Econbomía, Industria y Comercio. Dirección General de Estadística y Censos  
245 |a Población de la República de Costa Rica por provincias, cantones y distritos. Estimación al: 1 de abril de 1972  
260 |a San José:   |b MEIC. DGEC. Sección de Publicaciones  
300 |a 28 p.  
650 |a POBLACION  
999 |c 5777  |d 5777